00730nam a2200205 i 450000100060000000300090000600500170001500700030003200800410003504000200007608000210009613000260011724501690014326000630031230000270037549000340040270000330043683000340046985200210050368650ES-MaACL20230906170328.0t|960826s1856 fr ||||1| fre d aCAM bspa cCAM a821.133.2-13"11"0 aGirart de Roussillon.10aGérard de Rossillon b: chanson de geste ancienne / cpubliée en provencal et en francais d'aprés les manuscrits de Paris et de Londres par Francisque-Michel. aParis : bP. Jannet, c1856 (fImpr. Guiraudet et Jouaust) aXIX, 403 p. ; c17 cm.1 aBibliothèque elzévirienne1 aMichel, Françisque Xavier.0 aBibliothèque elzévirienne aES-MaACLjG-2373